Lehrbuch der plastischen anatomie für Akademische anstalten und zum selbstunterricht / (Record no. 155105)
[ view plain ]
| 000 -LEADER | |
|---|---|
| campo de control de longitud fija | 00836nam a22002175i 4500 |
| 001 - NÚMERO DE CONTROL | |
| campo de control | 155105 |
| 003 - IDENTIFICADOR DE NÚMERO DE CONTROL | |
| campo de control | ES-MaACL |
| 005 - FECHA Y HORA DE LA ÚLTIMA TRANSACCIÓN | |
| campo de control | 20251215182723.0 |
| 008 - DATOS DE LONGITUD FIJA--INFORMACIÓN GENERAL | |
| campo de control de longitud fija | 040716s1876 gw a |||| | ger d |
| 040 ## - FUENTE DE CATALOGACIÓN | |
| Centro catalogador/agencia de origen | CAM |
| Lengua de catalogación | spa |
| Centro/agencia transcriptor | CAM |
| 100 1# - ENTRADA PRINCIPAL--NOMBRE DE PERSONA | |
| Nombre de persona | Harless, E. |
| 9 (RLIN) | 127788 |
| 245 10 - MENCIÓN DEL TÍTULO | |
| Título | Lehrbuch der plastischen anatomie für Akademische anstalten und zum selbstunterricht / |
| Mención de responsabilidad, etc. | von E. Harless; herausgegeben und mit einem anhang versehen von R. Hartmann. |
| 250 ## - MENCION DE EDICION | |
| Mención de edición | 2. Aufl. |
| 260 ## - PUBLICACIÓN, DISTRIBUCIÓN, ETC. | |
| Lugar de publicación, distribución, etc. | Stuttgart : |
| Nombre del editor, distribuidor, etc. | Ebner & Seubert, |
| Fecha de publicación, distribución, etc. | 1876 ( |
| Fabricante | Gebrüder Kröner) |
| 300 ## - DESCRIPCIÓN FÍSICA | |
| Extensión | XVI, 544 p., [14] h. dobles de lám. ; |
| Dimensiones | 25 cm. |
| 650 #7 - PUNTO DE ACCESO ADICIONAL DE MATERIA--TÉRMINO DE MATERIA | |
| Término de materia o nombre geográfico como elemento de entrada | Dibujo |
| Fuente del encabezamiento o término | embne |
| 9 (RLIN) | 11860 |
| 650 #7 - PUNTO DE ACCESO ADICIONAL DE MATERIA--TÉRMINO DE MATERIA | |
| Término de materia o nombre geográfico como elemento de entrada | Anatomía |
| Fuente del encabezamiento o término | embne |
| 9 (RLIN) | 9800 |
| 700 11 - ENTRADA AGREGADA--NOMBRE PERSONAL | |
| Nombre de persona | Hartmann, Robert, |
| Fechas asociadas al nombre | 1832-1893 |
| Término indicativo de función/relación | |
| 9 (RLIN) | 147533 |
| 852 ## - LOCALIZACIÓN | |
| Ubicación | ES-MaACL |
| Número de control de estantería | G-15718 |
| Nota libre | -- Enc. pasta española |
| Estatus retirado | Estado de pérdida | Estado de daño | No para préstamo | Colección | Biblioteca de origen | Biblioteca actual | Ubicación en estantería | Fecha de adquisición | Fuente de adquisición | Total de préstamos | Signatura topográfica completa | Código de barras | Visto por última vez | Precio de reemplazo | Tipo de ítem Koha |
|---|---|---|---|---|---|---|---|---|---|---|---|---|---|---|---|
| Libros del s. XIX | Biblioteca del Ateneo de Madrid | Biblioteca del Ateneo de Madrid | Sala Pecera Planta 3 | 17/01/2008 | G-15718 | 1162246 | 23/02/2023 | 23/02/2023 | Libro impreso antiguo |
